000 00848nam a22002177a 4500
003 UA-OsUOA
001 58668
007 ta
008 20090218b un ||||| |||| 00| 0 ukr d
100 _aКалмикова Г.
090 _a355
_bК17
942 _cSA
040 _aUA-OsUOA
_bukr
_cUA-OsUOA
_dUA-OsUOA
245 _aКультура та демократичне врядування в Україні: взаємозв'язок та взаємовпливи
300 _aС.38-47
955 _a0
041 _aukr
080 _a355
773 0 _w58663
_tВісник Національної академії державного упарвління при Президентові України
_dК.
_d2008
_g4
650 7 _a35 Державно-адміністративне управління. Військова справа
_2UDC
999 _c344692
_d344692